Normal view
MARC view
- Life Of RasoolAllah(SAW) In the War
Entry Topical Term
001 - CONTROL NUMBER
- control field: 110141
003 - CONTROL NUMBER IDENTIFIER
- control field: NUST
005 - DATE AND TIME OF LATEST TRANSACTION
- control field: 20230310115707.0
008 - FIXED-LENGTH DATA ELEMENTS
- fixed length control field: 230310|| aca||aabn | a|a d
040 ## - CATALOGING SOURCE
- Original cataloging agency: NUST
- Transcribing agency: NUST
150 ## - HEADING--TOPICAL TERM
- Topical term or geographic name entry element: Life Of RasoolAllah(SAW) In the War
670 ## - SOURCE DATA FOUND
- Source citation: Work cat.: (NUST)188173: Rezvi, Syed Wajid 110140, Rasool (SAW) Maidan e Jang main /
